Представление документа в формате RUSMARC

ПолеНазваниеЗначение
  Тип записи a
  Библиографический уровень m
001 Контрольный номер 52a75817bed440fbb916d6a74a2992a9
005 Дата корректировки 20140610090256.0
010 Индекс ISBN __
a ISBN 5-476-00088-7
200 Заглавие и сведения об ответственности 1_
a Заглавие Особенности исчисления и уплаты акцизов
f Первые сведения об ответственности Красноперова Ольга Альбертовна
210 Выходные данные 1_
a Место издания М.
c Издательство ГроссМедиа
d Дата издания 2005
215 Физическое описание __
a Объем 187 с.
225 Серия 2_
a Серия Справочник для бухгалтера
610 Ключевые слова 0_
a Ключевые слова акцизы
610 Ключевые слова 0_
a Ключевые слова исчисление акцизов
610 Ключевые слова 0_
a Ключевые слова исчисление акцизов
610 Ключевые слова 0_
a Ключевые слова бухгалтерский учет
610 Ключевые слова 0_
a Ключевые слова налоги
610 Ключевые слова 0_
a Ключевые слова налогообложение
686 Индексы других классификаций __
a Классификационный индекс 65.9(2)261.413
2 Код системы rubbk
686 Индексы других классификаций __
a Классификационный индекс 65.052.9(2)2
2 Код системы rubbk
700 Автор _1
a Фамилия Красноперова
b Имя О. А.
g Полное личное имя Ольга Альбертовна
801 Источник записи _0
a Страна RU
b Организация РУК
c Дата составления 20050912
g Правила каталогизации PSBO
801 Источник записи _1
a Страна RU
b Организация РУК
c Дата составления 20050912
g Правила каталогизации PSBO
852 Данные о местонахождении __
i Авторский знак К 78
j Шифр хранения ББК 65.9(2)26
901 Тип документа __
t Тип документа m
938 Служебная информация __
a Название организации Головной вуз
b Имя БД BOOK
c Название АИБС АИБС ИРБИС